<?xml version="1.0" encoding="UTF-8"?>
<record
    xmlns:xsi="http://www.w3.org/2001/XMLSchema-instance"
    xsi:schemaLocation="http://www.loc.gov/MARC21/slim http://www.loc.gov/standards/marcxml/schema/MARC21slim.xsd"
    xmlns="http://www.loc.gov/MARC21/slim">

  <leader>00701nam a22002417a 4500</leader>
  <controlfield tag="005">20250717102229.0</controlfield>
  <controlfield tag="008">211211b           ||||| |||| 00| 0 eng d</controlfield>
  <datafield tag="020" ind1=" " ind2=" ">
    <subfield code="a">9789354561856</subfield>
  </datafield>
  <datafield tag="040" ind1=" " ind2=" ">
    <subfield code="c">AL</subfield>
  </datafield>
  <datafield tag="041" ind1=" " ind2=" ">
    <subfield code="a">eng</subfield>
  </datafield>
  <datafield tag="082" ind1=" " ind2=" ">
    <subfield code="2">23</subfield>
    <subfield code="a">320</subfield>
    <subfield code="b">KUMB</subfield>
  </datafield>
  <datafield tag="100" ind1=" " ind2=" ">
    <subfield code="a">Suresh Kumar and others</subfield>
    <subfield code="9">219145</subfield>
  </datafield>
  <datafield tag="245" ind1=" " ind2=" ">
    <subfield code="a">Basic Concepts in Political Science</subfield>
  </datafield>
  <datafield tag="260" ind1=" " ind2=" ">
    <subfield code="a">Bengaluru</subfield>
    <subfield code="b">Sapna Book House</subfield>
    <subfield code="c">2021</subfield>
  </datafield>
  <datafield tag="300" ind1=" " ind2=" ">
    <subfield code="a">224 p.</subfield>
    <subfield code="b">PB</subfield>
    <subfield code="c">21x13 cm.</subfield>
  </datafield>
  <datafield tag="365" ind1=" " ind2=" ">
    <subfield code="a">4246</subfield>
    <subfield code="b">&#x20B9;144.00</subfield>
    <subfield code="c">&#x20B9;</subfield>
    <subfield code="d">&#x20B9;180.00</subfield>
    <subfield code="e">20%</subfield>
    <subfield code="f">10-12-2021</subfield>
  </datafield>
  <datafield tag="650" ind1=" " ind2=" ">
    <subfield code="a">Civil Society</subfield>
    <subfield code="9">11534</subfield>
  </datafield>
  <datafield tag="650" ind1=" " ind2=" ">
    <subfield code="a">Equality</subfield>
    <subfield code="9">11535</subfield>
  </datafield>
  <datafield tag="650" ind1=" " ind2=" ">
    <subfield code="a">Power and Justice</subfield>
    <subfield code="9">11536</subfield>
  </datafield>
  <datafield tag="700" ind1=" " ind2=" ">
    <subfield code="a">Suresh M N Kumar</subfield>
    <subfield code="9">11540</subfield>
  </datafield>
  <datafield tag="700" ind1=" " ind2=" ">
    <subfield code="a">G R Poornima</subfield>
    <subfield code="9">11541</subfield>
  </datafield>
  <datafield tag="942" ind1=" " ind2=" ">
    <subfield code="2">ddc</subfield>
    <subfield code="c">BK</subfield>
  </datafield>
  <datafield tag="999" ind1=" " ind2=" ">
    <subfield code="c">220929</subfield>
    <subfield code="d">220929</subfield>
  </datafield>
  <datafield tag="952" ind1=" " ind2=" ">
    <subfield code="0">0</subfield>
    <subfield code="1">0</subfield>
    <subfield code="2">ddc</subfield>
    <subfield code="4">0</subfield>
    <subfield code="7">0</subfield>
    <subfield code="8">PS</subfield>
    <subfield code="a">AL</subfield>
    <subfield code="b">AL</subfield>
    <subfield code="d">2021-12-11</subfield>
    <subfield code="e">Biblios Book Point</subfield>
    <subfield code="g">144.00</subfield>
    <subfield code="l">7</subfield>
    <subfield code="m">1</subfield>
    <subfield code="o">320 KUMB</subfield>
    <subfield code="p">075177</subfield>
    <subfield code="r">2025-08-11 11:59:54</subfield>
    <subfield code="s">2025-07-29</subfield>
    <subfield code="v">180.00</subfield>
    <subfield code="w">2021-12-11</subfield>
    <subfield code="y">BK</subfield>
  </datafield>
  <datafield tag="952" ind1=" " ind2=" ">
    <subfield code="0">0</subfield>
    <subfield code="1">0</subfield>
    <subfield code="2">ddc</subfield>
    <subfield code="4">0</subfield>
    <subfield code="7">0</subfield>
    <subfield code="8">PS</subfield>
    <subfield code="a">AL</subfield>
    <subfield code="b">AL</subfield>
    <subfield code="d">2021-12-11</subfield>
    <subfield code="e">Biblios Book Point</subfield>
    <subfield code="g">144.00</subfield>
    <subfield code="l">2</subfield>
    <subfield code="o">320 KUMB</subfield>
    <subfield code="p">075178</subfield>
    <subfield code="r">2023-09-15 00:00:00</subfield>
    <subfield code="s">2023-09-06</subfield>
    <subfield code="v">180.00</subfield>
    <subfield code="w">2021-12-11</subfield>
    <subfield code="y">BK</subfield>
  </datafield>
  <datafield tag="952" ind1=" " ind2=" ">
    <subfield code="0">0</subfield>
    <subfield code="1">0</subfield>
    <subfield code="2">ddc</subfield>
    <subfield code="4">0</subfield>
    <subfield code="7">0</subfield>
    <subfield code="8">PS</subfield>
    <subfield code="a">AL</subfield>
    <subfield code="b">AL</subfield>
    <subfield code="d">2021-12-11</subfield>
    <subfield code="e">Biblios Book Point</subfield>
    <subfield code="g">144.00</subfield>
    <subfield code="l">6</subfield>
    <subfield code="m">1</subfield>
    <subfield code="o">320 KUMB</subfield>
    <subfield code="p">075179</subfield>
    <subfield code="r">2025-12-04 11:52:25</subfield>
    <subfield code="s">2025-10-30</subfield>
    <subfield code="v">180.00</subfield>
    <subfield code="w">2021-12-11</subfield>
    <subfield code="y">BK</subfield>
  </datafield>
  <datafield tag="952" ind1=" " ind2=" ">
    <subfield code="0">0</subfield>
    <subfield code="1">0</subfield>
    <subfield code="2">ddc</subfield>
    <subfield code="4">0</subfield>
    <subfield code="7">0</subfield>
    <subfield code="8">PS</subfield>
    <subfield code="a">AL</subfield>
    <subfield code="b">AL</subfield>
    <subfield code="d">2021-12-11</subfield>
    <subfield code="e">Biblios Book Point</subfield>
    <subfield code="g">144.00</subfield>
    <subfield code="l">11</subfield>
    <subfield code="m">1</subfield>
    <subfield code="o">320 KUMB</subfield>
    <subfield code="p">075180</subfield>
    <subfield code="r">2024-11-15 00:00:00</subfield>
    <subfield code="s">2024-10-24</subfield>
    <subfield code="v">180.00</subfield>
    <subfield code="w">2021-12-11</subfield>
    <subfield code="y">BK</subfield>
  </datafield>
  <datafield tag="952" ind1=" " ind2=" ">
    <subfield code="0">0</subfield>
    <subfield code="1">0</subfield>
    <subfield code="2">ddc</subfield>
    <subfield code="4">0</subfield>
    <subfield code="7">0</subfield>
    <subfield code="8">PS</subfield>
    <subfield code="a">AL</subfield>
    <subfield code="b">AL</subfield>
    <subfield code="d">2021-12-11</subfield>
    <subfield code="e">Biblios Book Point</subfield>
    <subfield code="g">144.00</subfield>
    <subfield code="l">10</subfield>
    <subfield code="m">3</subfield>
    <subfield code="o">320 KUMB</subfield>
    <subfield code="p">075181</subfield>
    <subfield code="r">2025-11-06 12:03:22</subfield>
    <subfield code="s">2025-10-28</subfield>
    <subfield code="v">180.00</subfield>
    <subfield code="w">2021-12-11</subfield>
    <subfield code="y">BK</subfield>
  </datafield>
  <datafield tag="952" ind1=" " ind2=" ">
    <subfield code="0">0</subfield>
    <subfield code="1">0</subfield>
    <subfield code="2">ddc</subfield>
    <subfield code="4">0</subfield>
    <subfield code="7">0</subfield>
    <subfield code="8">PS</subfield>
    <subfield code="a">AL</subfield>
    <subfield code="b">AL</subfield>
    <subfield code="d">2021-12-11</subfield>
    <subfield code="e">Biblios Book Point</subfield>
    <subfield code="g">144.00</subfield>
    <subfield code="l">9</subfield>
    <subfield code="m">2</subfield>
    <subfield code="o">320 KUMB</subfield>
    <subfield code="p">075182</subfield>
    <subfield code="r">2025-11-06 12:04:02</subfield>
    <subfield code="s">2025-10-28</subfield>
    <subfield code="v">180.00</subfield>
    <subfield code="w">2021-12-11</subfield>
    <subfield code="y">BK</subfield>
  </datafield>
  <datafield tag="952" ind1=" " ind2=" ">
    <subfield code="0">0</subfield>
    <subfield code="1">0</subfield>
    <subfield code="2">ddc</subfield>
    <subfield code="4">0</subfield>
    <subfield code="7">3</subfield>
    <subfield code="8">PS</subfield>
    <subfield code="a">AL</subfield>
    <subfield code="b">AL</subfield>
    <subfield code="c">RS</subfield>
    <subfield code="d">2021-12-11</subfield>
    <subfield code="e">Biblios Book Point</subfield>
    <subfield code="g">144.00</subfield>
    <subfield code="l">8</subfield>
    <subfield code="m">2</subfield>
    <subfield code="o">320 KUMB</subfield>
    <subfield code="p">075183</subfield>
    <subfield code="r">2024-11-15 00:00:00</subfield>
    <subfield code="s">2024-10-24</subfield>
    <subfield code="v">180.00</subfield>
    <subfield code="w">2021-12-11</subfield>
    <subfield code="y">REF</subfield>
  </datafield>
  <datafield tag="952" ind1=" " ind2=" ">
    <subfield code="0">0</subfield>
    <subfield code="1">0</subfield>
    <subfield code="2">ddc</subfield>
    <subfield code="4">0</subfield>
    <subfield code="7">0</subfield>
    <subfield code="8">PS</subfield>
    <subfield code="a">AL</subfield>
    <subfield code="b">AL</subfield>
    <subfield code="d">2021-12-11</subfield>
    <subfield code="e">Biblios Book Point</subfield>
    <subfield code="g">144.00</subfield>
    <subfield code="l">11</subfield>
    <subfield code="m">2</subfield>
    <subfield code="o">320 KUMB</subfield>
    <subfield code="p">075184</subfield>
    <subfield code="r">2025-10-24 10:02:28</subfield>
    <subfield code="s">2025-10-11</subfield>
    <subfield code="v">180.00</subfield>
    <subfield code="w">2021-12-11</subfield>
    <subfield code="y">BK</subfield>
  </datafield>
  <datafield tag="952" ind1=" " ind2=" ">
    <subfield code="0">0</subfield>
    <subfield code="1">0</subfield>
    <subfield code="2">ddc</subfield>
    <subfield code="4">0</subfield>
    <subfield code="7">0</subfield>
    <subfield code="8">PS</subfield>
    <subfield code="a">AL</subfield>
    <subfield code="b">AL</subfield>
    <subfield code="d">2021-12-11</subfield>
    <subfield code="e">Biblios Book Point</subfield>
    <subfield code="g">144.00</subfield>
    <subfield code="l">9</subfield>
    <subfield code="m">1</subfield>
    <subfield code="o">320 KUMB</subfield>
    <subfield code="p">075185</subfield>
    <subfield code="r">2025-11-18 10:17:27</subfield>
    <subfield code="s">2025-11-04</subfield>
    <subfield code="v">180.00</subfield>
    <subfield code="w">2021-12-11</subfield>
    <subfield code="y">BK</subfield>
  </datafield>
  <datafield tag="952" ind1=" " ind2=" ">
    <subfield code="0">0</subfield>
    <subfield code="1">0</subfield>
    <subfield code="2">ddc</subfield>
    <subfield code="4">0</subfield>
    <subfield code="7">0</subfield>
    <subfield code="8">PS</subfield>
    <subfield code="a">AL</subfield>
    <subfield code="b">AL</subfield>
    <subfield code="d">2021-12-11</subfield>
    <subfield code="e">Biblios Book Point</subfield>
    <subfield code="g">144.00</subfield>
    <subfield code="l">8</subfield>
    <subfield code="m">1</subfield>
    <subfield code="o">320 KUMB</subfield>
    <subfield code="p">075186</subfield>
    <subfield code="r">2025-11-10 12:06:51</subfield>
    <subfield code="s">2025-11-04</subfield>
    <subfield code="v">180.00</subfield>
    <subfield code="w">2021-12-11</subfield>
    <subfield code="y">BK</subfield>
  </datafield>
</record>
